00897nam a2200217 a 450000100100000000500170001000800410002702000150006804000250008308200140010810000380012224501000016026000720026030000210033249000600035350000420041350000210045583000670047695201190054399900170066200001086220200929162316.0091012s1982 sp 000 0 spa d a8400050541 aDO-SdBNPbspacBNPHU axxxbxxxx1 aMarchena Fernández, Juan92619810aLa institución militar en Cartagena de Indias en el siglo XVIII /cJuan Marchena Fernández. aSevilla, España :bEscuela de Estudios Hispano-Americanos,c1982. a506 p. ;c25 cm.1 aPublicaciones de Escuela de Estudios Hispano-Americanos aIncluye notas al pie de las páginas aIncluye índice 0aPublicaciones de Escuela de Estudios Hispano-Americanos926199 0010547-18MOaGRbGRcOId2012-07-24iLF1l0oxxx xxxxp10862-20r2020-06-25w2020-06-25y4ZPréstamo en sala c10611d10611